| 000 | 00507ntaaa2200193 4500 | ||
|---|---|---|---|
| 003 | 01 | ||
| 005 | 20251027201053.0 | ||
| 008 | 0714s1973 ag 01 | ||
| 040 |
_aAR-BaBN _bspa _cAR-BaBN _eaacr _dRIC |
||
| 082 | _a196 Se6 | ||
| 100 |
_aSerrano, Poncela S. _98170 |
||
| 245 |
_aPensamiento de Unamuno / _cPoncela S. Serrano |
||
| 250 | _a1 ed. | ||
| 260 |
_as.l. : _bFondo de Cultura Económica, _cc953 |
||
| 300 | _a265 p. | ||
| 500 | _a(Breviarios 76) | ||
| 650 |
_aUnamuno, Miguel de _98171 |
||
| 942 | _cBK | ||
| 999 |
_c4880 _d4880 |
||